| 000 | 00681cam a22002411 4500 | ||
|---|---|---|---|
| 001 | 2165378 | ||
| 003 | ARRUPE | ||
| 005 | 20170217103548.0 | ||
| 008 | 730522s1957 nyua 000 0 eng | ||
| 010 | _a 57010111 | ||
| 040 |
_aDLC _cDLC _dDLC |
||
| 050 | 0 | 0 | _aCB311.C85 |
| 082 | 0 | 0 | _a901 |
| 100 | 1 |
_aCottrell, Leonard. _928901 |
|
| 245 | 1 | 4 | _aThe anvil of civilization. |
| 260 |
_a[New York] _bNew American Library _c[1957] |
||
| 300 |
_a256 p. _billus. _c18 cm. |
||
| 490 | 0 | _aMentor: Ancient civilizations | |
| 500 | _aMentor books, MD197. | ||
| 650 | 0 |
_aCivilization, Ancient. _928896 |
|
| 906 |
_a7 _bcbc _corignew _du _eocip _f19 _gy-gencatlg |
||
| 942 |
_2lcc _cMONOGRAPH |
||
| 999 |
_c126157 _d126157 |
||